| 000 | 00400nam a2200157Ia 4500 | ||
|---|---|---|---|
| 003 | GCL | ||
| 008 | 140319s9999 xx 000 0 ara d | ||
| 040 |
_aGCL / _cGCL |
||
| 082 | 0 | 4 |
_aد _b050 |
| 100 | 1 | _aجلال العشرى | |
| 245 | 1 | 0 |
_aثقافة بلا دموع (اقرا 506 ) / _cجلال العشرى |
| 300 | _a203 | ||
| 490 |
_aاقرأ _v0 |
||
| 650 | 0 | 4 | _aمقالات |
| 942 |
_2ddc _cBK |
||
| 999 |
_c48573 _d48573 |
||